000 00319nam a22001457a 4500
008 240126b ||||| |||| 00| 0 eng d
020 _a0813312485
041 _aeng
080 _21991
_a32
082 _a32BAR
100 _a32
101 _aJUR
245 _aFEMINIST LEGAL THEORY
_cKATHARINE T.B
942 _2udc
_cBK
999 _c60556
_d60556